000 01264nam a2200313 i 4500
001 64212
003 ES-MaACL
005 20240419181642.0
007 t|
008 031222s1953 sp ||||1| spa d
245 0 3 _aLa flor del teatro romántico /
_cedición y noticia preliminar de José Bergua.
260 _aMadrid :
_bEdiciones Ibéricas,
_c[1953?] (
_fSáez)
300 _a402 p. ;
_c16 cm.
490 1 _aBiblioteca de bolsillo
505 0 _aLa conjuración de Venecia / F. Martínez de la Rosa . Macías / Mariano J. de Larra . Don Álvaro o la fuerza del sino / Duque de Rivas . El trovador / A. García Gutiérrez . Los amantes de Teruel / Juan Eugenio Hartzenbusch
650 0 0 _aTeatro español-
_yS.XIX.
_917346
700 1 _aBergua, José.
_928017
700 1 _aMartínez de la Rosa, Francisco,
_d1787-1862
_978009
700 1 _aLarra, Mariano José de,
_d1809-1837
_970287
700 1 _aRivas, Ángel de Saavedra,
_cDuque de,
_d1791-1865
_997550
740 3 2 _aLa conjuración de Venecia.
740 0 2 _aMacías.
740 0 2 _aDon Álvaro o la fuerza del sino.
740 3 2 _aEl trovador.
740 4 2 _aLos amantes de Teruel.
830 1 _aBiblioteca de Bolsillo
_9177945
852 _aES-MaACL
_jC-8541
999 _c64212
_d64212